000 00257nam a2200109Ia 4500
008 231212s1980 xx 000 0 und d
041 _aeng
082 _a621.372
100 _aKhovakh M.
245 _aMotor Vehicle Engines
260 _aMascow
_bMir Pub
_c1980
999 _c958516
_d958516